| 000 | 00585 a2200169 4500 | ||
|---|---|---|---|
| 020 | _a0321766180 | ||
| 020 | _a9780321766182 | ||
| 082 | _a536.7 | ||
| 090 |
_c1669 _d1669 |
||
| 100 | 1 | _aEngel, Thomas. | |
| 245 | 1 | 0 |
_aThermodynamics, statistical thermodynamics, & kinetics / _cThomas Engel, Philip Reid. |
| 260 |
_a[S.l.] : _bPrentice Hall, _c2006. |
||
| 300 |
_a648 p. ; _c28 cm. |
||
| 700 | _aReid, Philip | ||
| 942 |
_aSNS _cBK _k536.7 ENG |
||
| 999 |
_c30277 _d30277 |
||